Online
Catalog

Arrecife coralino :. : (Record no. 46677)

MARC details
000 -CABECERA
campo de control de longitud fija 00488nam a2200145 a 4500
001 - NÚMERO DE CONTROL
campo de control 000047189
005 - FECHA Y HORA DE LA ÚLTIMA TRANSACCIÓN
campo de control 20201002053430.0
008 - DATOS DE LONGITUD FIJA--INFORMACIÓN GENERAL
campo de control de longitud fija 180418s2016 dr a 000 spa d
020 ## - NÚMERO INTERNACIONAL ESTÁNDAR DEL LIBRO
Número Internacional Estándar del Libro 9789945874297
040 ## - FUENTE DE LA CATALOGACIÓN
Centro catalogador/agencia de origen DO-SdBNP
Lengua de catalogación spa
Centro/agencia transcriptor BNPHU
245 #0 - MENCIÓN DE TÍTULO
Título Arrecife coralino :. :
Resto del título jardín de vida y color, cuentos del concurso literario infantil-juvenil 2015-2016.
260 ## - PUBLICACIÓN, DISTRIBUCIÓN, ETC.
Lugar de publicación, distribución, etc. Santo Domingo :
Nombre del editor, distribuidor, etc. Fundación Propa-Gas,
Fecha de publicación, distribución, etc. 2016.
300 ## - DESCRIPCIÓN FÍSICA
Extensión 87 p. :
Otras características físicas il. ;
Dimensiones 26 cm.
590 ## - NOTA LOCAL (RLIN)
Nota local Inventariado,2018/DG
Holdings
Estado de retiro Estado de pérdida No para préstamo Código de colección Localización permanente Ubicación/localización actual Ubicación en estantería Fecha de adquisición Número de inventario Total de préstamos Signatura topográfica completa Código de barras Fecha visto por última vez Precio válido a partir de Tipo de ítem Koha
    Excluido de préstamo Patrimonio Dominicano General General Depósito 18.04.2018 LF1   47189-30 25.06.2020 25.06.2020 Libro y Folleto Colección Patrimonio Dominicano
      Patrimonio Dominicano General General Orden iniciada 18.04.2018 LF1   47190-30 25.06.2020 25.06.2020 Libro y Folleto Colección Patrimonio Dominicano
    Excluido de préstamo Patrimonio Dominicano Patrimonio Dominicano Patrimonio Dominicano Depósito 18.04.2018 LF1   47189-10 25.06.2020 25.06.2020 Libro y Folleto Colección Patrimonio Dominicano
    Excluido de préstamo Patrimonio Dominicano Patrimonio Dominicano Patrimonio Dominicano Depósito 18.04.2018 LF1   47189-20 25.06.2020 25.06.2020 Libro y Folleto Colección Patrimonio Dominicano
      Patrimonio Dominicano Patrimonio Dominicano Patrimonio Dominicano Orden iniciada 18.04.2018 LF1   47190-10 25.06.2020 25.06.2020 Libro y Folleto Colección Patrimonio Dominicano
      Patrimonio Dominicano Patrimonio Dominicano Patrimonio Dominicano Orden iniciada 18.04.2018 LF1   47190-20 25.06.2020 25.06.2020 Libro y Folleto Colección Patrimonio Dominicano

Powered by Koha